[Event "NRW Verbandsklasse Group2 1314"]
[Site "Nordrheinwestfalen"]
[Date "2013.09.08"]
[Round "1.7"]
[White "Brockmann, Fabian"]
[Black "Hupfeld, Frank"]
[Result "1-0"]
[WhiteElo "1926"]
[BlackElo "1732"]
[PlyCount "31"]
[EventDate "2013.09.08"]
[EventType "team-tourn"]
[EventRounds "9"]
[EventCountry "GER"]
[SourceTitle "EXT 2020"]
[Source "ChessBase"]
[SourceDate "2019.10.17"]
[SourceVersion "1"]
[SourceVersionDate "2019.10.17"]
[SourceQuality "1"]
[WhiteTeam "Dortmund Hansa III"]
[BlackTeam "Mengede SG"]
[WhiteTeamCountry "GER"]
[BlackTeamCountry "GER"]

1. e4 c5 2. Nf3 Nc6 3. Bb5 e6 4. Nc3 Nge7 5. e5 d5 6. exd6 Qxd6 7. Ne4 Qd5 8. d3 Ng6 9. Be3 b6 10. c4 Qd7 11. d4 cxd4 12. Nxd4 Bb7 13. Qa4 Rc8 14. Rd1 Qc7 15. Bg5 Bb4+ 16. Qxb4 1-0

[Event "Ruhrgebiet Verbandsliga2 1213"]
[Site "Nordrheinwestfalen"]
[Date "2013.04.28"]
[Round "9"]
[White "Hupfeld, Frank"]
[Black "Jung, Benn"]
[Result "1-0"]
[WhiteElo "1708"]
[BlackElo "1721"]
[PlyCount "29"]
[EventDate "2012.09.02"]
[EventType "team-tourn"]
[EventRounds "9"]
[EventCountry "GER"]
[SourceTitle "EXT 2020"]
[Source "ChessBase"]
[SourceDate "2019.10.17"]
[SourceVersion "1"]
[SourceVersionDate "2019.10.17"]
[SourceQuality "1"]
[WhiteTeam "Mengede SG"]
[BlackTeam "Bochum SG III"]
[WhiteTeamCountry "GER"]
[BlackTeamCountry "GER"]

1. e4 c5 2. Nf3 Nc6 3. d4 cxd4 4. Nxd4 a6 5. c4 g6 6. Nc3 Bg7 7. Be3 d6 8. Be2 Nxd4 9. Bxd4 e5 10. Be3 h5 11. Qd2 Bf8 12. Nd5 Nf6 13. Bb6 Nxe4 14. Bxd8 Nxd2 15. Bf6 1-0

[Event "Ruhrgebiet Verbandsliga2 1213"]
[Site "Nordrheinwestfalen"]
[Date "2013.02.24"]
[Round "7.8"]
[White "Hupfeld, Frank"]
[Black "Loeffelbein, Klaus"]
[Result "1/2-1/2"]
[WhiteElo "1708"]
[BlackElo "1870"]
[PlyCount "42"]
[EventDate "2012.09.02"]
[EventType "team-tourn"]
[EventRounds "9"]
[EventCountry "GER"]
[SourceTitle "EXT 2020"]
[Source "ChessBase"]
[SourceDate "2019.10.17"]
[SourceVersion "1"]
[SourceVersionDate "2019.10.17"]
[SourceQuality "1"]
[WhiteTeam "Mengede SG"]
[BlackTeam "Gerthe Werne"]
[WhiteTeamCountry "GER"]
[BlackTeamCountry "GER"]

1. e4 c5 2. Nf3 Nc6 3. Bb5 g6 4. Bxc6 bxc6 5. d3 Bg7 6. 0-0 d6 7. h3 e6 8. Re1 e5 9. c3 Ne7 10. d4 cxd4 11. cxd4 exd4 12. Nxd4 0-0 13. Bg5 f6 14. Qb3+ d5 15. exd5 cxd5 16. Be3 Bd7 17. Qd3 Rb8 18. b3 f5 19. Bg5 Bf6 20. Bxf6 Rxf6 21. Nc3 Rd6 1/2-1/2

[Event "Ruhrgebiet VK2 1112"]
[Site "Nordrheinwestfalen"]
[Date "2012.03.04"]
[Round "7.8"]
[White "Hupfeld, Frank"]
[Black "Voepel, Karl Heinz"]
[Result "1/2-1/2"]
[WhiteElo "1742"]
[BlackElo "1702"]
[PlyCount "84"]
[EventDate "2012.09.18"]
[EventType "team-tourn"]
[EventRounds "9"]
[EventCountry "GER"]
[SourceTitle "EXT 2020"]
[Source "ChessBase"]
[SourceDate "2019.10.17"]
[SourceVersion "1"]
[SourceVersionDate "2019.10.17"]
[SourceQuality "1"]
[WhiteTeam "Mengede SG"]
[BlackTeam "Dortmund FS 98 II"]
[WhiteTeamCountry "GER"]
[BlackTeamCountry "GER"]

1. e4 d5 2. exd5 Qxd5 3. c4 Qa5 4. Nc3 Nf6 5. d4 c6 6. Nf3 Bg4 7. Be2 e6 8. 0-0 Bd6 9. Ne5 Bxe2 10. Qxe2 0-0 11. f4 Nbd7 12. Bd2 Qd8 13. Rad1 Re8 14. Be1 Qe7 15. Bh4 Qf8 16. Rd3 Be7 17. Ne4 Rad8 18. Bxf6 Nxf6 19. Rff3 Nxe4 20. Qxe4 g6 21. Ng4 Qg7 22. Rh3 h5 23. Ne5 f5 24. Qe2 Bf6 25. Nxg6 Rxd4 26. Rxd4 Bxd4+ 27. Kh1 Kf7 28. Rg3 Qh6 29. Ne5+ Bxe5 30. Qxe5 Qf6 31. Qe2 Rh8 32. Rd3 Kg6 33. Qd2 Re8 34. Rd6 Kf7 35. c5 b6 36. Rxc6 bxc5 37. Rxc5 Rd8 38. Qe2 Kg6 39. h3 Rd6 40. Rc7 Qd4 41. Re7 Kf6 42. Rh7 Qxf4 1/2-1/2

[Event "Ruhrgebiet VK2 1112"]
[Site "Nordrheinwestfalen"]
[Date "2012.02.12"]
[Round "6"]
[White "Riegermann, Ulrich"]
[Black "Hupfeld, Frank"]
[Result "1/2-1/2"]
[WhiteElo "1793"]
[BlackElo "1742"]
[PlyCount "41"]
[EventDate "2012.09.18"]
[EventType "team-tourn"]
[EventRounds "9"]
[EventCountry "GER"]
[SourceTitle "EXT 2020"]
[Source "ChessBase"]
[SourceDate "2019.10.17"]
[SourceVersion "1"]
[SourceVersionDate "2019.10.17"]
[SourceQuality "1"]
[WhiteTeam "Drewer SG"]
[BlackTeam "Mengede SG"]
[WhiteTeamCountry "GER"]
[BlackTeamCountry "GER"]

1. Nc3 c5 2. d4 cxd4 3. Qxd4 Nc6 4. Qh4 Nf6 5. Bd2 d6 6. Nf3 Bf5 7. e4 Bd7 8. Nd5 e6 9. Nxf6+ Qxf6 10. Qxf6 gxf6 11. 0-0-0 0-0-0 12. Bc3 Be7 13. Nd4 Nxd4 14. Bxd4 b6 15. Ba6+ Kc7 16. f4 Rhg8 17. g3 Bc6 18. Rhe1 d5 19. e5 f5 20. Re3 h5 21. Rc3 1/2-1/2

[Event "Ruhrgebiet VK2 1112"]
[Site "Nordrheinwestfalen"]
[Date "2011.11.13"]
[Round "3"]
[White "Hupfeld, Frank"]
[Black "Dreesbach, Harald"]
[Result "0-1"]
[WhiteElo "1742"]
[BlackElo "1731"]
[PlyCount "98"]
[EventDate "2012.09.18"]
[EventType "team-tourn"]
[EventRounds "9"]
[EventCountry "GER"]
[SourceTitle "EXT 2020"]
[Source "ChessBase"]
[SourceDate "2019.10.17"]
[SourceVersion "1"]
[SourceVersionDate "2019.10.17"]
[SourceQuality "1"]
[WhiteTeam "Mengede SG"]
[BlackTeam "Ahlen SV II"]
[WhiteTeamCountry "GER"]
[BlackTeamCountry "GER"]

1. e4 c5 2. Nf3 e6 3. d4 cxd4 4. Nxd4 a6 5. Nc3 Qc7 6. Be2 Nf6 7. Bf3 d6 8. 0-0 Be7 9. Qe2 Nbd7 10. g3 Rb8 11. a4 b6 12. Bg2 Bb7 13. Nb3 Ne5 14. Nd2 Rc8 15. h3 0-0 16. Re1 Nfd7 17. f4 Nc6 18. Nb3 Nb4 19. Be3 Bf6 20. Bd4 Bxd4+ 21. Nxd4 Qc5 22. Qf2 e5 23. Nf5 Qxf2+ 24. Kxf2 Nxc2 25. Ne7+ Kh8 26. Nxc8 Rxc8 27. Rad1 Nxe1 28. Kxe1 Rc6 29. Rd2 g6 30. Ke2 Kg7 31. Ke3 Nc5 32. fxe5 dxe5 33. Rd8 Ne6 34. Rd5 Rxc3+ 35. bxc3 Bxd5 36. exd5 Nc5 37. d6 f5 38. Bc6 Kf7 39. Bd5+ Ke8 40. Bc6+ Kd8 41. c4 Ne6 42. Bb7 Nc5 43. Bc6 Ne6 44. Bb7 Kd7 45. Bxa6 Kxd6 46. Bb5 f4+ 47. Kd3 Nc5+ 48. Ke2 e4 49. Be8 g5 0-1